000 00216nam a2200097Ia 4500
005 20251222114402.0
008 251222s1900||||xx |||||||||||||| ||spa||
082 _aDVD0080/S75/2012/BR
245 0 _aLincoln:
942 _cDVD
999 _c1667
_d1667